Normal view MARC view
  • Bagvi, Malik Bashir Ahmad

Entry Personal Name

Number of records used in: 1

001 - CONTROL NUMBER

  • control field: 37456

003 - CONTROL NUMBER IDENTIFIER

  • control field: NUST

005 - DATE AND TIME OF LATEST TRANSACTION

  • control field: 20210314130301.0

008 - FIXED-LENGTH DATA ELEMENTS

  • fixed length control field: 210314|| aca||aabn | a|a d

040 ## - CATALOGING SOURCE

  • Original cataloging agency: NUST
  • Transcribing agency: NUST

100 ## - HEADING--PERSONAL NAME

  • Personal name: Bagvi, Malik Bashir Ahmad

670 ## - SOURCE DATA FOUND

  • Source citation: Work cat.: (NUST): Bagvi, Malik Bashir Ahmad., Determination of the direction of Qibla and the Islamic timings., 1970.
© 2023 Central Library, National University of Sciences and Technology. All Rights Reserved.